000 00310nam a2200145Ia 4500
100 _aOmalley/ John
942 _cBK
654 _acircuit Analysis
245 _aBasic circuit Analysis
260 _bMcGraw Hill
_aNew York
_c1992
082 _a621.38412
300 _a419
546 _aENGLISH
999 _c33167
_d33167